00563 2200217 4500001002100000005001500021035002000036007000300056008004100059020000600100082000800106084001400114100002600128245005600154250001000210260003100220300003600251700002600287520000600313600002600319INLIS00000000000182520220416094018 a0010-0422001399ta220416 b 1 ind  a- a398 a398 YUD k0 aYudhistira Ikranegara1 aKisah Nyai Roro Kidul :b- /cYudhistira Ikranegara aCet.1 a[s.l] :bDua Media,c[s.a] a32 :bilust. ;c15 X 20,8 cme-0 aYudhistira Ikranegara a- 4aYudhistira Ikranegara